Major seas of the world by size - Statistics

General Stats
  • This quiz has been taken 8 times
  • The average score is 19 of 35
Answer Stats
size in square km Answer % Correct
2,510,000 Mediterranean Sea
100%
570,000 North Sea
86%
438,000 Red Sea
86%
3,500,000 South China Sea
86%
3,800,000 Arabian Sea
71%
377,000 Baltic Sea
71%
436,000 Black Sea
71%
2,754,000 Caribbean Sea
71%
4,800,000 Coral Sea
71%
750,000 East China Sea
71%
1,205,000 Greenland Sea
71%
1,380,000 Norwegian Sea
71%
600,000 Andaman Sea
57%
650,000 Arafura Sea
57%
2,000,000 Bering Sea
57%
300,000 Celtic Sea
57%
100,000 Irish Sea
57%
320,000 Java Sea
57%
5,700,000 Philippine Sea
57%
978,000 Sea of Japan
57%
2,300,000 Tasman Sea
57%
90,000 White Sea
57%
470,000 Banda Sea
43%
1,400,000 Barents Sea
43%
476,000 Beaufort Sea
43%
927,000 East Siberian Sea
43%
3,500,000- 6,000,000 Sargasso Sea
43%
1,583,000 Sea of Okhotsk
43%
595,000 Chukchi Sea
29%
841,000 Labrador Sea
29%
662,000 Laptev Sea
29%
2,800,000 Weddell Sea
29%
880,000 Kara Sea
14%
960,000 Ross Sea
14%
900,000 Scotia Sea
14%
No matching quizzes found
Score Distribution
Percent of People with Each Score
Percentile by Number Answered
Your Score History
You have not taken this quiz